00880nam a22002417a 450000500170000001000250001702000270004203500230006903700130009203700160010508200150012110000330013624501190016926000340028827000600032230000440038250000640042652000580049065000260054865000300057470000170060470000170062120120228162853.0 aENG-104829 B-457220 a9788189738822c2495.00 aEN-88362 B-457220 bDBAD/PUB bK.K.Pub/Ven a792.095433 aGopalakrishnan, Sudhad1954- aKutiyattam :cby Sudha Gopalakrishnan ; edited by Navkala Roy [and] Ritu Khannabthe heritage theatre of India /  aNew DelhibNiyogi Booksc2011 aD-78, Okhla Industrial Area, Phase-IbNew Delhie110020 a196p. :c31cm(Hb)bill. (chiefly col.) aIncludes bibliographical references (p. 186-192) and index. aBismillah Khan, 1916-2006, shehnai player from India. aKūḍiyāṭṭam. aTheater zIndia zKerala. aRoy, Navkala aKhanna, Ritu